Serie A players 2007/08 - Statistics

General Stats
  • This quiz has been taken 5 times
  • The average score is 359 of 527
Answer Stats
Rank Player Positions Nationality Matches Goals Assists Clubs % Correct
4 Abdoulay Konko DF, MF 37 3 3
100%
136 Adrian Mutu MF, FW 29 17 5
100%
451 Adriano FW 4 1 0
100%
495 Adriano DF 1 0 0
100%
73 Aimo Diana DF, MF 32 3 0
100%
267 Alberto Aquilani MF 21 3 0
100%
119 Alberto Gilardino FW 30 7 2
100%
425 Alberto Paloschi FW 7 2 0
100%
74 Aleksandar Luković DF 32 0 0
100%
155 Alessandro Agostini DF 28 0 0
100%
426 Alessandro Birindelli DF 7 0 0
100%
156 Alessandro Budel MF 28 2 1
100%
5 Alessandro Del Piero MF, FW 37 21 5
100%
99 Alessandro Gamberini DF 31 1 0
100%
137 Alessandro Lucarelli DF 29 1 0
100%
41 Alessandro Matri FW 34 6 2
100%
138 Alessandro Nesta DF 29 1 0
100%
20 Alessandro Rosina MF 35 8 4
100%
361 Alessio Scarpi GK 14 0 0
100%
307 Alexandre Pato MF, FW 18 9 1
100%
190 Alex Manninger GK 26 0 0
100%
249 Álvaro Recoba MF, FW 22 1 3
100%
43 Andrea Barzagli DF 34 0 0
100%
378 Andrea Caracciolo FW 12 1 1
100%
329 Andrea Cossu MF 16 1 2
100%
397 Andrea Costa DF, MF 10 0 0
100%
330 Andrea Cupi DF 16 0 0
100%
22 Andrea Dossena DF, MF 35 2 2
100%
191 Andrea Gasbarroni MF, FW 26 5 5
100%
57 Andrea Pirlo MF 33 3 6
100%
192 Andrea Pisanu MF, FW 26 4 3
100%
58 Andrea Raggi DF 33 1 0
100%
346 Andrea Rossi DF 15 0 0
100%
59 Angelo Palombo MF 33 1 4
100%
434 Antonino Bernardini MF 6 0 0
100%
387 Antonino D'Agostino MF 11 0 0
100%
250 Antonio Cassano FW 22 10 6
100%
465 Antonio Chimenti GK 3 0 0
100%
12 Antonio Di Natale FW 36 17 6
100%
216 Antonio Filippini DF, MF 25 0 0
100%
6 Antonio Floro Flores FW 37 3 1
100%
171 Antonio Langella MF, FW 27 8 2
100%
365 Antonio Mirante GK 13 0 0
100%
75 Antonio Nocerino MF 32 0 2
100%
366 Asamoah Gyan FW 13 3 1
100%
172 Bernardo Corradi FW 27 5 1
100%
193 Boško Janković MF 26 2 2
100%
347 Cafú DF 15 1 0
100%
316 César DF, MF 17 1 2
100%
173 Cesare Bovo DF 27 0 0
100%
226 Cesare Natali DF 24 1 0
100%
139 Christian Maggio DF, MF 29 9 6
100%
174 Christian Panucci DF 27 5 0
100%
317 Christian Riganò FW 17 1 2
100%
217 Christian Terlizzi DF 25 1 0
100%
194 Christian Vieri FW 26 6 1
100%
379 Ciro Capuano DF 12 0 0
100%
77 Clarence Seedorf MF 32 7 4
100%
195 Claudio Marchisio MF 26 0 1
100%
398 Cristian Bucchi FW 10 0 0
100%
196 Cristian Chivu DF 26 0 3
100%
100 Cristian Molinaro DF, MF 31 0 0
100%
123 Cristiano Doni MF 30 12 5
100%
332 Cristiano Lucarelli FW 16 4 2
100%
477 Cristiano Lupatelli GK 2 0 0
100%
197 Cristiano Zanetti MF 26 0 7
100%
268 Cristian Silvestri DF 21 1 0
100%
23 Cristian Zaccardo DF 35 1 2
100%
175 Cristián Zapata DF 27 1 0
100%
269 Daniele Balli GK 21 0 0
100%
270 Daniele Bonera DF 21 0 1
100%
80 Daniele Conti MF 32 5 1
100%
44 Daniele De Rossi DF, MF 34 5 4
100%
124 Daniele Franceschini MF 30 2 0
100%
140 Daniele Gastaldello DF 29 2 0
100%
348 Daniele Mannini MF 15 1 1
100%
367 Dani Osvaldo FW 13 5 0
100%
271 Dario Dainelli DF 21 0 0
100%
24 Dario Knežević DF 35 3 0
100%
453 Dario Šimić DF 4 0 0
100%
158 David Balleri DF 28 0 0
100%
218 David Di Michele FW 25 6 2
100%
61 Davide Baiocco MF 33 1 2
100%
319 Davide Bassi GK 17 0 0
100%
406 Davide Bottone MF 9 1 0
100%
102 David Pizarro MF 31 3 11
100%
399 David Rozehnal DF 10 0 0
100%
177 David Suazo FW 27 8 1
100%
13 David Trezeguet FW 36 20 5
100%
272 Dejan Stanković MF 21 1 4
100%
368 Dida GK 13 0 0
100%
273 Diego Tristán FW 21 1 1
100%
228 Domenico Criscito DF, MF 24 0 0
100%
407 Dominique Malonga FW 9 1 1
100%
8 Doni GK 37 0 0
100%
408 Édgar Álvarez DF, MF 9 0 0
100%
14 Édgar Barreto MF 36 3 2
100%
198 Emanuele Calaiò FW 26 2 0
100%
297 Emanuele Filippini MF 19 0 0
100%
349 Emerson MF 15 0 0
100%
274 Emil Hallfreðsson MF, FW 21 0 1
100%
126 Emiliano Bonazzoli FW 30 2 2
100%
479 Enrico Chiesa FW 2 0 0
100%
455 Erminio Rullo DF 4 0 0
100%
63 Esteban Cambiasso MF 33 6 2
100%
82 Eugenio Corini MF 32 1 0
100%
25 Ezequiel Lavezzi MF, FW 35 8 7
100%
160 Fabiano DF 28 0 3
100%
430 Fabio Firmani MF 7 3 0
100%
161 Fabio Liverani MF 28 0 2
100%
9 Fabio Quagliarella FW 37 12 4
100%
252 Fabrizio Miccoli FW 22 8 6
100%
254 Felipe dal Belo DF 22 1 0
100%
276 Ferdinand Coly DF 21 1 0
100%
320 Fernando Couto DF 17 0 0
100%
410 Fernando Muslera GK 9 0 0
100%
2 Ferreira Pinto MF 38 4 2
100%
277 Filippo Inzaghi FW 21 11 2
100%
401 Francesco Bega DF 10 0 0
100%
411 Francesco Montervino MF 9 0 0
100%
334 Francesco Parravicini MF 16 0 0
100%
350 Francesco Pratali DF 15 0 0
100%
128 Francesco Tavano FW 30 10 3
100%
467 Francesco Toldo GK 3 0 0
100%
220 Francesco Totti MF, FW 25 14 5
100%
181 Gaby Mudingayi MF 27 0 0
100%
27 Gaetano D'Agostino MF 35 0 5
100%
335 Gaetano De Rosa DF 16 0 0
100%
105 Gennaro Gattuso MF 31 1 0
100%
298 Gennaro Iezzo GK 19 0 0
100%
141 Giacomo Tedesco MF 29 0 2
100%
106 Giampaolo Pazzini FW 31 9 5
100%
163 Giandomenico Mesto DF, MF 28 2 0
100%
244 Gianluca Comotto DF 23 1 2
100%
299 Gianluca Grava DF 19 0 0
100%
46 Gianluigi Buffon GK 34 0 0
100%
245 Gianpaolo Bellini DF 23 2 2
100%
129 Giorgio Chiellini DF 30 3 1
100%
28 Giovanni Pasquale DF 35 0 1
100%
323 Giovanni Tedesco MF 17 2 1
100%
164 Giulio Falcone DF 28 0 0
100%
107 Giulio Migliaccio DF, MF 31 0 1
100%
229 Giuseppe Biava DF 24 0 0
100%
29 Giuseppe Mascara FW 35 4 4
100%
336 Gleison Santos DF 16 0 0
100%
86 Goran Pandev MF, FW 32 14 3
100%
309 Guglielmo Stendardo DF 18 0 0
100%
201 György Garics DF, MF 26 1 0
100%
202 Hasan Salihamidžić DF, MF 26 4 2
100%
300 Hernán Crespo FW 19 4 1
100%
256 Hugo Campagnaro DF 22 0 0
100%
48 Ighli Vannucchi MF 34 5 3
100%
310 Igli Tare FW 18 1 1
100%
230 Ignazio Abate DF, MF 24 1 2
100%
352 Igor Budan FW 15 7 0
100%
288 Iván Córdoba DF 20 3 0
100%
513 Ivan Franceschini DF 1 0 0
100%
49 Ivan Jurić MF 34 0 2
100%
3 Javier Zanetti DF, MF 38 1 0
100%
182 Joaquín Larrivey FW 27 1 1
100%
337 Jonathan Zebina DF 16 0 0
100%
457 Jorge Andrade DF 4 0 0
100%
108 Jorge Martínez MF, FW 31 8 2
100%
324 José Luís Vidigal MF 17 1 0
100%
15 Juan Manuel Vargas DF, MF 36 5 5
100%
30 Júlio César GK 35 0 0
100%
142 Julio César de León MF 29 4 2
100%
165 Julio Ricardo Cruz FW 28 13 3
100%
130 Kaká MF, FW 30 15 10
100%
87 Kakha Kaladze DF, MF 32 0 0
100%
514 Leandro Martínez MF, FW 1 0 0
100%
258 Leandro Rinaudo DF 22 2 0
100%
413 Leonardo Talamonti DF 9 0 0
100%
231 Lorenzo De Silvestri DF, MF 24 0 2
100%
16 Lorenzo Stovini DF 36 1 0
100%
420 Luca Antonelli DF, MF 8 0 0
100%
89 Luca Antonini DF, MF 32 0 1
100%
109 Luca Bucci GK 31 0 0
100%
131 Luca Saudati MF, FW 30 4 0
100%
143 Luca Vigiani MF 29 5 2
100%
279 Luciano Figueroa FW 21 3 2
100%
91 Ludovic Giuly MF, FW 32 6 0
100%
205 Luis Diego López DF 26 0 0
100%
325 Luís Figo MF, FW 17 1 4
100%
353 Luis Jiménez MF, FW 15 3 2
100%
232 Lukáš Jarolím MF 24 0 0
100%
110 Maicon Sisenando DF 31 1 3
100%
111 Mancini MF, FW 31 8 2
100%
421 Maniche MF 8 1 0
100%
290 Manuel Belleri DF 20 0 1
100%
144 Manuel Pasqual DF, MF 29 0 0
100%
260 Marcelo Zalayeta FW 22 8 2
100%
64 Marco Amelia GK 33 0 0
100%
145 Marco Ballotta GK 29 0 0
100%
31 Marco Borriello FW 35 19 4
100%
485 Marco Capparella MF, FW 2 0 0
100%
184 Marco Cassetti DF, MF 27 0 1
100%
146 Marco Di Loreto DF 29 0 0
100%
261 Marco Di Vaio FW 22 3 1
100%
112 Marco Donadel MF 31 2 0
100%
384 Marco Fortin GK 12 0 0
100%
246 Marco Materazzi DF 23 1 0
100%
233 Marco Motta DF 24 1 0
100%
65 Marco Rossi MF 33 2 1
100%
355 Marco Rossi DF 15 1 0
100%
292 Marco Storari GK 20 0 0
100%
11 Marek Hamšík MF 37 9 3
100%
363 Marek Jankulovski DF, MF 14 0 0
100%
32 Mariano Bogliacino MF 35 3 3
100%
390 Mario Balotelli FW 11 3 2
100%
185 Mario Frick FW 27 4 0
100%
207 Mark Bresciano MF 26 1 2
100%
186 Mark Edusei MF 27 0 0
100%
373 Martin Bergvold MF 13 1 0
100%
208 Martin Jørgensen MF 26 0 4
100%
66 Massimo Ambrosini MF 33 4 2
100%
33 Massimo Maccarone FW 35 13 2
100%
234 Massimo Mutarelli MF 24 2 2
100%
223 Massimo Oddo DF 25 1 1
100%
262 Massimo Paci DF 22 4 0
100%
391 Matías Silvestre DF 11 0 0
100%
235 Matteo Brighi MF 24 1 1
100%
166 Matteo Contini DF 28 1 0
100%
338 Matteo Ferrari DF 16 0 0
100%
339 Matteo Gianello GK 16 0 0
100%
437 Matteo Rubin DF, MF 6 0 0
100%
93 Matteo Sereni GK 32 0 0
100%
147 Maurizio Domizzi DF 29 8 1
100%
263 Mauro Camoranesi MF 22 5 5
100%
422 Mauro Esposito MF, FW 8 0 0
100%
313 McDonald Mariga MF 18 0 0
100%
113 Michele Fini MF 31 3 2
100%
516 Mirco Gasparetto FW 1 0 0
100%
68 Mirko Vučinić FW 33 9 5
100%
356 Mohamed Sissoko MF 15 1 0
100%
302 Mourad Meghni MF 19 0 0
100%
393 Nelson Rivas DF 11 0 0
100%
69 Nicola Amoruso FW 33 12 3
100%
70 Nicola Legrottaglie DF 33 3 0
100%
414 Nicola Pavarini GK 9 0 0
100%
326 Nicola Pozzi FW 17 7 0
100%
236 Nicolás Burdisso DF 24 1 0
100%
357 Nikola Lazetić MF 15 0 0
100%
415 Olivier Dacourt MF 9 0 0
100%
149 Omar Milanetto MF 29 1 3
100%
374 Ousmane Dabo MF 13 0 0
100%
385 Pablo Álvarez DF 12 0 0
100%
439 Pablo Álvarez DF 6 0 0
100%
50 Paolo Cannavaro DF 34 0 0
100%
51 Paolo Castellini DF 34 0 1
100%
327 Paolo Maldini DF 17 1 0
100%
487 Paolo Orlandoni GK 2 0 0
100%
237 Paolo Zanetti MF 24 0 0
100%
340 Papa Waigo MF, FW 16 2 1
100%
71 Pasquale Foggia MF, FW 33 5 3
100%
341 Patrick Vieira MF 16 3 2
100%
151 Paul Codrea DF, MF 29 0 1
100%
114 Pavel Nedvěd MF 31 2 4
100%
358 Pelé MF 15 0 0
100%
315 Per Krøldrup DF 18 0 0
100%
115 Philippe Mexès DF 31 1 0
100%
423 Piá MF, FW 8 0 0
100%
212 Raffaele Palladino MF, FW 26 2 1
100%
35 Reginaldo FW 35 3 5
100%
52 Riccardo Montolivo MF 34 2 3
100%
134 Roberto Sosa FW 30 6 1
100%
359 Rolando Bianchi FW 15 4 0
100%
440 Ronaldo FW 6 2 0
100%
152 Rubinho GK 29 0 0
100%
37 Samir Handanović GK 35 0 0
100%
490 Samuele Dalla Bona MF 2 0 0
100%
447 Santiago Solari MF 5 0 0
100%
304 Saša Bjelanović FW 19 0 1
100%
38 Sebastian Giovinco MF, FW 35 6 4
100%
39 Sébastien Frey GK 35 0 0
100%
394 Serginho DF, MF 11 0 2
100%
416 Sergio Almirón MF 9 0 0
100%
53 Sergio Floccari FW 34 8 6
100%
306 Simone Inzaghi FW 19 0 1
100%
342 Simone Pavan DF 16 1 0
100%
72 Simone Pepe MF, FW 33 3 5
100%
154 Simone Perrotta MF 29 5 2
100%
18 Stefano Morrone MF 36 3 1
100%
395 Ștefan Radu DF 11 0 0
100%
248 Stephen Makinwa FW 23 0 0
100%
364 Takayuki Morimoto MF, FW 14 1 1
100%
296 Tiago Mendes MF 20 0 3
100%
135 Tomas Locatelli MF, FW 30 3 3
100%
169 Tomáš Ujfaluši DF 28 0 1
100%
283 Tomáš Zápotočný DF 21 0 0
100%
19 Tommaso Rocchi MF, FW 36 14 5
100%
343 Valerio Bertotto DF 16 1 0
100%
170 Vince Grella MF 28 1 0
100%
240 Vincenzo Iaquinta FW 24 8 3
100%
54 Walter Gargano MF 34 2 1
100%
386 Walter Samuel DF 12 0 0
100%
360 Yoann Gourcuff MF 15 1 2
100%
241 Zdeněk Grygera DF 24 1 1
100%
55 Zdravko Kuzmanović MF 34 1 1
100%
215 Zlatan Ibrahimović FW 26 17 8
100%
405 Zlatan Muslimović FW 10 2 0
100%
462 Ahmed Barusso MF 3 0 0
50%
432 Albano Bizzarri GK 6 0 0
50%
344 Alberto Valentim DF, MF 15 0 0
50%
225 Aleksandar Kolarov DF 24 1 1
50%
40 Alessandro Grandoni DF 34 2 0
50%
345 Alessandro Potenza DF 15 0 0
50%
42 Amauri FW 34 15 4
50%
21 Andrea Campagnolo GK 35 0 0
50%
56 Andrea Parola MF 33 0 1
50%
499 Anssi Jaakkola GK 1 0 0
50%
418 Anthony Vanden Borre DF, MF 8 0 0
50%
120 Antonio Buscè MF 30 2 2
50%
308 Bruno Cirillo DF 18 0 0
50%
476 Caetano Calil MF, FW 2 0 0
50%
60 Carlos Valdez DF 33 0 0
50%
242 Christian Manfredini MF 23 0 0
50%
500 Christian Obodo MF 1 0 0
50%
121 Cicinho DF 30 2 4
50%
78 Claudio Bellucci FW 32 12 2
50%
122 Claudio Rivalta DF 30 1 0
50%
380 Cristhian Stuani MF, FW 12 0 1
50%
227 Cristian Brocchi MF 24 0 1
50%
318 Cristiano Del Grosso DF 17 0 0
50%
331 Cristian Zenoni DF 16 0 0
50%
101 Damiano Zenoni DF, MF 31 0 0
50%
157 Daniele Dessena MF 28 0 0
50%
125 Daniele Galloppa MF 30 2 2
50%
429 Daniele Paponi FW 7 0 0
50%
7 Daniele Portanova DF 37 1 0
50%
251 Danilo Sacramento MF 22 1 0
50%
81 Davide Moro MF 32 0 1
50%
103 Diego De Ascentis MF 31 0 0
50%
506 Digão DF 1 0 0
50%
382 Dimitrios Eleftheropoulos GK 12 0 0
50%
62 Edinson Cavani MF, FW 33 5 0
50%
441 Emanuele Belardi GK 5 0 0
50%
104 Emílson Cribari DF 31 0 0
50%
159 Erjon Bogdani FW 28 2 1
50%
179 Fabio Caserta MF 27 1 1
50%
275 Fabio Ceravolo FW 21 1 1
50%
45 Fabio Galante DF 34 1 0
50%
83 Fábio Simplício MF 32 5 3
50%
285 Fausto Rossini FW 20 3 0
50%
400 Federico Agliardi GK 10 0 0
50%
286 Felice Piccolo DF 20 0 0
50%
1 Ferdinando Coppola GK 38 0 0
50%
26 Fernando Tissone MF 35 3 5
50%
180 Francesco Cozza MF 27 6 3
50%
219 Francesco Marianini MF 25 0 0
50%
84 Francesco Modesto DF, MF 32 1 3
50%
322 Francesco Pisano DF 17 0 0
50%
162 Franco Brienza MF, FW 28 8 1
50%
511 Giacomo Bonaventura MF, FW 1 0 0
50%
370 Giampiero Pinzi MF 13 0 0
50%
481 Gianluca Curci GK 2 0 0
50%
85 Gionatha Spinesi FW 32 7 2
50%
200 Giuseppe Favalli DF 26 0 0
50%
47 Giuseppe Sculli MF, FW 34 4 0
50%
10 Gökhan Inler MF 37 2 2
50%
287 Guillermo Giacomazzi MF 20 0 1
50%
351 Houssine Kharja MF 15 3 2
50%
289 Jeda FW 20 3 0
50%
412 Joe Bizera DF 9 0 0
50%
257 Juan DF 22 2 0
50%
383 Lionel Scaloni DF, MF 12 0 0
50%
203 Luca Castellazzi GK 26 0 0
50%
90 Luca Cigarini MF 32 3 3
50%
222 Luca Rossettini DF 25 0 1
50%
311 Luciano Zauri DF 18 0 0
50%
204 Luigi Sala DF 26 1 0
50%
354 Manuel Coppola MF 15 0 1
50%
183 Manuele Blasi MF 27 0 0
50%
312 Marco Biagianti MF 18 0 0
50%
389 Marco Marchionni MF 11 1 0
50%
291 Marco Pisano DF 20 0 0
50%
92 Mariano Julio Izco MF 32 0 1
50%
206 Mario Santana MF 26 6 4
50%
469 Masashi Oguro FW 3 0 0
50%
486 Matías Masiero MF 2 1 0
50%
459 Matteo Melara DF 4 0 0
50%
293 Matteo Paro MF 20 0 1
50%
209 Mattia Cassani DF 26 1 0
50%
403 Mauricio Isla DF, MF 10 0 0
50%
34 Max Tonetto DF, MF 35 1 1
50%
187 Michele Ferri DF 27 0 0
50%
460 Michele Marconi FW 4 1 0
50%
148 Mirko Savini DF 29 0 0
50%
518 Modibo Diakité DF 1 0 0
50%
471 Nicolás Navarro GK 3 0 0
50%
281 Nicola Ventola FW 21 4 0
50%
438 Nicolò Cherubin DF 6 0 0
50%
132 Paolo Bianco DF 30 2 0
50%
150 Paolo De Ceglie DF 29 2 1
50%
133 Paolo Sammarco MF 30 5 2
50%
295 Reto Ziegler DF, MF 20 0 1
50%
523 Richard Porta FW 1 0 0
50%
96 Robert Acquafresca FW 32 10 1
50%
97 Roberto Guana MF 32 0 1
50%
282 Roberto Stellone FW 21 3 3
50%
213 Rodrigo Taddei DF, FW 26 6 2
50%
431 Roman Eremenko MF 7 0 0
50%
489 Rubén Maldonado DF 2 0 0
50%
153 Salvatore Lanna DF 29 1 0
50%
305 Sebastiano Siviglia DF 19 1 0
50%
168 Sergio Volpi MF 28 2 2
50%
265 Simone Barone MF 22 1 1
50%
17 Simone Loria DF 36 5 1
50%
238 Simone Missiroli MF 24 1 1
50%
117 Simone Vergassola MF 31 1 0
50%
328 Thomas Manfredini DF 17 0 0
50%
188 Tiberio Guarente MF 27 0 4
50%
396 Tommaso Vailatti MF 11 1 0
50%
377 Vincenzo Montella FW 13 4 1
50%
450 Vitorino Antunes DF 5 0 0
50%
494 Vlada Avramov GK 2 0 0
50%
224 Zeljko Kalac GK 25 0 0
50%
496 Alberto Cossentino DF 1 0 0
0%
118 Alberto Fontana GK 30 0 0
0%
417 Alberto Fontana GK 8 0 0
0%
497 Aleksandar Prijović FW 1 0 0
0%
463 Alessandro Bastrini DF 3 0 0
0%
189 Alessandro Diamanti MF, FW 26 4 2
0%
474 Alessio Tombesi DF, MF 2 0 0
0%
433 Alfonso De Lucia GK 6 0 0
0%
284 Andrea Coda DF 20 0 0
0%
452 Andrea Masiello DF 4 1 0
0%
498 Andrea Poli MF 1 0 0
0%
427 Andrea Sottil DF 7 0 0
0%
464 Antonio Candreva DF, MF, FW 3 0 0
0%
475 Babù MF, FW 2 0 0
0%
76 Ciro Polito GK 32 0 0
0%
501 Costinha MF 1 0 0
0%
502 Cristian Anelli DF 1 0 0
0%
79 Cristian Ledesma MF 32 3 4
0%
503 Cristian Llama MF 1 0 0
0%
504 Cristian Pasquato MF, FW 1 0 0
0%
333 Damiano Ferronetti DF, MF 16 1 0
0%
435 Daniele Adani DF 6 0 0
0%
466 Daniele Cacia FW 3 0 0
0%
243 Daniele Capelli DF 23 2 0
0%
362 Daniele Corvia FW 14 1 0
0%
176 Daniele De Vezze MF 27 1 3
0%
428 Daniele Ficagna DF 7 0 0
0%
478 Daniele Magliocchetti DF 2 0 0
0%
178 Davide Biondini MF 27 1 1
0%
505 Davide Marchini MF 1 0 0
0%
381 Davide Matteini MF, FW 12 1 0
0%
388 Domenico Morfeo MF, FW 11 1 0
0%
507 Edgar Çani FW 1 0 0
0%
127 Emmanuel Cascione MF 30 0 0
0%
454 Enrico Cotza MF 4 0 0
0%
369 Fabiano Santacroce DF 13 0 1
0%
409 Fabio Vignaroli MF, FW 9 0 1
0%
253 Federico Balzaretti DF 22 0 2
0%
508 Federico Moretti MF 1 0 0
0%
321 Fernando Forestieri MF, FW 17 1 1
0%
509 Filip Krstić DF 1 0 0
0%
510 Francesco Millesi MF 1 0 0
0%
480 Francesco Volpe FW 2 0 0
0%
278 Franco Semioli MF 21 2 2
0%
199 Gennaro Delvecchio MF 26 2 2
0%
255 Gennaro Sardo DF 22 1 0
0%
482 Gianluca Musacci MF 2 0 0
0%
419 Giuliano Giannichedda MF 8 0 0
0%
221 Giuseppe Colucci MF 25 1 1
0%
456 Guilherme Siqueira DF, MF 4 0 0
0%
442 Ikechukwu Kalu MF, FW 5 0 0
0%
512 Ivan Artipoli DF 1 0 0
0%
371 Joelson FW 13 1 0
0%
443 José Montiel MF 5 0 0
0%
444 Kris Stadsgaard DF 5 0 0
0%
372 Leandro Grimi DF 13 0 0
0%
458 Leonardo Migliónico DF 4 0 0
0%
88 Lino Marzorati DF 32 1 0
0%
515 Luca Capecchi GK 1 0 0
0%
483 Luca Castiglia MF 2 0 0
0%
484 Luca Di Matteo DF, MF 2 0 0
0%
259 Luca Tognozzi MF 22 0 0
0%
468 Marcello Gazzola DF, MF 3 0 0
0%
402 Marco Mancosu MF, FW 10 0 1
0%
436 Marino Defendi DF, MF 6 0 0
0%
247 Massimo Gobbi DF, MF 23 1 0
0%
301 Massimo Loviso MF 19 2 2
0%
67 Maurizio Lanzaro DF 33 0 1
0%
210 Maximiliano Pellegrino DF 26 1 0
0%
94 Maxwell DF 32 0 0
0%
314 Michele Canini DF 18 0 0
0%
392 Michele Paolucci MF, FW 11 0 0
0%
280 Michele Pazienza MF 21 0 0
0%
445 Mike Tullberg FW 5 0 0
0%
517 Mirko Guadalupi MF 1 0 0
0%
95 Mirko Pieri DF, MF 32 0 0
0%
294 Moris Carrozzieri DF, FW 20 2 0
0%
470 Nenad Novaković GK 3 0 0
0%
519 Nicola Ascoli DF 1 0 0
0%
211 Nico Pulzetti MF 26 2 2
0%
520 Paolo Carbonaro FW 1 0 0
0%
167 Paolo Dellafiore DF 28 1 0
0%
264 Pietro Accardi DF 22 1 0
0%
521 Pietro Lorenzini FW 1 0 0
0%
446 Rahman Rezaei DF 5 0 0
0%
375 Rej Volpato FW 13 0 0
0%
461 Riccardo Colombo DF 4 0 0
0%
488 Riccardo Fissore DF 2 0 0
0%
522 Riccardo Nardini DF, MF 1 0 0
0%
404 Riccardo Zampagna FW 10 3 0
0%
376 Richard Vanigli DF 13 0 0
0%
424 Roberto Baronio MF 8 0 0
0%
472 Roberto De Zerbi MF, FW 3 0 0
0%
303 Rocco Sabato DF 19 0 0
0%
524 Rubén Olivera MF 1 0 0
0%
36 Salvatore Aronica DF 35 0 0
0%
491 Sidny DF 2 0 0
0%
492 Silvano Raggio Garibaldi MF 2 0 0
0%
448 Simone Del Nero DF, FW 5 0 0
0%
116 Simone Padoin DF, MF 31 3 0
0%
214 Stefano Lucchini DF 26 0 0
0%
239 Stefano Mauri MF, FW 24 3 5
0%
493 Tomáš Sivok DF, MF 2 0 0
0%
525 Tommaso Ghinassi DF 1 0 0
0%
266 Valon Behrami DF, MF 22 1 0
0%
526 Viktor Budyanskiy MF 1 0 0
0%
527 Vincenzo Fiorillo GK 1 0 0
0%
449 Vincenzo Marruocco GK 5 0 0
0%
98 Vittorio Tosto DF 32 0 0
0%
473 Wilson FW 3 0 0
0%
No matching quizzes found
Score Distribution
Percent of People with Each Score
Percentile by Number Answered
Your Score History
You have not taken this quiz